000 00844nam a2200193Ii 4500
003 JO-AjNU
008 230605s9999||||xx |||||||||||||| ||und||
040 _aJO-AjNU
_bara
_erda
_cJO-AjNU
041 _aara
050 1 4 _aBP166.73.T37
100 3 _aجمع وترتيب: فريد، أحمد ، تحقيق: ماجد بن أبي الليل,
_eauthor
_910216
245 0 0 _aتزكية النفوس وتربيتها كما يقرره علماء السلف: ابن رجب الحنبلي، ابن القيم،أبي حامد الغزالي
264 3 1 _aجدة-صنعاء: مكتبة جدة، مكتبة الإرشاد، د.ت
300 _a160ص
336 _atext
_btxt
_2rdacontent
337 _aunmediated
_bn
_2rdamedia
338 _avolume
_bnc
_2rdacarrier
650 4 _aالتربية الاسلامية- الاخلاق الاسلامية
_910217
999 _aA1694
_c5262
_d5262